<?xml version="1.0" encoding="UTF-8"?>
<record
    xmlns:xsi="http://www.w3.org/2001/XMLSchema-instance"
    xsi:schemaLocation="http://www.loc.gov/MARC21/slim http://www.loc.gov/standards/marcxml/schema/MARC21slim.xsd"
    xmlns="http://www.loc.gov/MARC21/slim">

  <leader>02046nam a2200253   4500</leader>
  <controlfield tag="005">20250410121715.0</controlfield>
  <controlfield tag="008">240227b        |||||||| |||| 00| 0 eng d</controlfield>
  <datafield tag="020" ind1=" " ind2=" ">
    <subfield code="a">9788401465352</subfield>
  </datafield>
  <datafield tag="037" ind1=" " ind2=" ">
    <subfield code="3">Donaci&#xF3;n</subfield>
  </datafield>
  <datafield tag="040" ind1=" " ind2=" ">
    <subfield code="a">CO-JMCR</subfield>
    <subfield code="c">CO-JMCR</subfield>
    <subfield code="d">CO-JMCR</subfield>
    <subfield code="e">rda</subfield>
  </datafield>
  <datafield tag="041" ind1=" " ind2=" ">
    <subfield code="a">spa</subfield>
  </datafield>
  <datafield tag="082" ind1=" " ind2=" ">
    <subfield code="a">A-N </subfield>
    <subfield code="b">LECc1</subfield>
  </datafield>
  <datafield tag="100" ind1=" " ind2=" ">
    <subfield code="e">autor</subfield>
    <subfield code="a">Le Carr&#xE9;, John</subfield>
    <subfield code="9">43508</subfield>
  </datafield>
  <datafield tag="245" ind1=" " ind2=" ">
    <subfield code="a">La chica del tambor / </subfield>
    <subfield code="c">John Le Carr&#xE9;</subfield>
  </datafield>
  <datafield tag="246" ind1=" " ind2=" ">
    <subfield code="a">The little drummer girl</subfield>
  </datafield>
  <datafield tag="260" ind1=" " ind2=" ">
    <subfield code="a">Barcelona</subfield>
    <subfield code="b">Plaza y Janes</subfield>
    <subfield code="c">1996</subfield>
  </datafield>
  <datafield tag="300" ind1=" " ind2=" ">
    <subfield code="a">653 p&#xE1;ginas</subfield>
    <subfield code="c">18 cm</subfield>
  </datafield>
  <datafield tag="505" ind1=" " ind2=" ">
    <subfield code="a">La preparaci&#xF3;n... P&#xE1;g 11 -- El bot&#xED;n... P&#xE1;g 391</subfield>
  </datafield>
  <datafield tag="520" ind1=" " ind2=" ">
    <subfield code="a">Martin Kurtz es un esp&#xED;a israel&#xED; que trabaja en una agencia clandestina para permitir una negativa plausible a sus superiores. Este recluta a Charlie, una actriz de izquierda radical de Inglaterra como parte de un elaborado esquema para descubrir el paradero de Khalil, un terrorista palestino. Joseph es el agente encargado de Charlie. El hermano menor de Khalil, Salim, es secuestrado, interrogado y muerto por la unidad de Kurtz. Joseph se hace pasar por Salim y viaja por Europa con Charlie, para hacer que Khalil cree que Charlie y Salim son amantes. Cuando Khalil descubre el caso y se pone en contacto con Charlie, los israel&#xED;es descubren su paradero. Charlie es llevada a unos campos de refugiados palestinos para recibir entrenamiento para que realice un atentado suicida. Ella comienza a simpatizar con la causa palestina, y sus lealtades divididas la llevan al borde del colapso. A Charlie la env&#xED;an a que ponga una bomba en una conferencia dada por un israel&#xED; moderado cuyas propuestas de paz no son del gusto de Khalil. Ella ejecuta la misi&#xF3;n bajo la supervisi&#xF3;n de los israel&#xED;es. Como resultado, Joseph mata a Khalil. Charlie, posteriormente, sufre un colapso mental causado por la tensi&#xF3;n de su misi&#xF3;n y de sus propias contradicciones internas.</subfield>
  </datafield>
  <datafield tag="650" ind1=" " ind2=" ">
    <subfield code="2">JMCR</subfield>
    <subfield code="a">Literatura inglesa</subfield>
    <subfield code="y">Siglo XX</subfield>
    <subfield code="9">14247</subfield>
  </datafield>
  <datafield tag="650" ind1=" " ind2=" ">
    <subfield code="a">Novela inglesa</subfield>
    <subfield code="y">Siglo XX</subfield>
    <subfield code="9">7155</subfield>
  </datafield>
  <datafield tag="650" ind1=" " ind2=" ">
    <subfield code="a">Terrorismo en la literatura</subfield>
    <subfield code="9">43509</subfield>
  </datafield>
  <datafield tag="942" ind1=" " ind2=" ">
    <subfield code="2">ddc</subfield>
    <subfield code="c">BK</subfield>
  </datafield>
  <datafield tag="999" ind1=" " ind2=" ">
    <subfield code="c">30692</subfield>
    <subfield code="d">17076</subfield>
  </datafield>
  <datafield tag="952" ind1=" " ind2=" ">
    <subfield code="0">0</subfield>
  </datafield>
</record>
